00739cam a2200205 a 450000100100000000500170001000800410002702000150006804000250008308200150010824500810012326000430020430000240024749000280027150000370029950400320033683000350036895201130040399900170051600001795520200929165307.0931008m19931997sp a b l000 1 spa c a8445106937 aDO-SdBNPbspacBNPHU axxxxbM18300aMadrid en la novela /cestudio y seleccion de Joquín Álvarez Barrientos. aMadrid :bComunidad de Madrid,cc1993. av. :bil. ;c25 cm.1 aMadrid en la literatura aLa biblioteca posee el volumen 2 aBibliografía : p. 291-293 0aMadrid en la literatura938936 001050718MOaGRbGRcCTd2010-04-07iLF1l0oxxxx M183p17955-10r2020-06-25w2020-06-25y1ZNo se presta c17479d17479